Città sopra o sotto il Tropico del Cancro? - Quiz n°5 - Statistics

Statistiche generali
  • Questo quiz è stato fatto 4 volte
  • Il punteggio medio è 7 su 10
Statistiche sulle risposte
Hint Risposta % Corretto
Nicosia Nord del Tropico del Cancro
100%
New Orleans Nord del Tropico del Cancro
100%
Tokyo Nord del Tropico del Cancro
100%
Ashgabat Nord del Tropico del Cancro
75%
Damasco Nord del Tropico del Cancro
75%
San'a' Sud del Tropico del Cancro
75%
Bamako Sud del Tropico del Cancro
75%
Kingston Sud del Tropico del Cancro
50%
Manama Nord del Tropico del Cancro
25%
Ho Chi Minh Sud del Tropico del Cancro
25%
Nessun quiz corrispondente trovato
Distribuzione punteggi
Percentuale di utenti per punteggio
Percentile per numero di risposta
I tuoi punteggi nel tempo
Non hai fatto questo quiz